[Event "Caribean-chT Blitz 24th"]
[Site "San Salvador"]
[Date "2023.07.06"]
[Round "13.1"]
[White "Vasquez Vasquez, Marielos"]
[Black "Brown, Raehanna"]
[Result "0-1"]
[WhiteElo "1713"]
[BlackElo "1655"]
[PlyCount "136"]
[EventDate "2023.07.06"]
[EventType "tourn (blitz)"]
[EventRounds "15"]
[EventCountry "ESA"]
[SourceTitle "CBM 215 Extra"]
[Source "ChessBase"]
[SourceDate "2023.09.30"]
[SourceVersion "1"]
[SourceVersionDate "2023.09.30"]
[SourceQuality "1"]
[WhiteTeam "El Salvador"]
[BlackTeam "Jamaica"]
[WhiteTeamCountry "ESA"]
[BlackTeamCountry "JAM"]

1. d4 Nf6 2. c4 g6 3. g3 Bg7 4. Bg2 c6 5. e4 d6 6. Ne2 Nbd7 7. 0-0 e5 8. Nbc3 0-0 9. h3 Re8 10. Re1 Qc7 11. d5 cxd5 12. cxd5 Nc5 13. Be3 a5 14. Rc1 b6 15. a3 Ba6 16. Na4 Qb7 17. Nxc5 bxc5 18. Qd2 Rab8 19. Rb1 Qc7 20. b4 axb4 21. axb4 cxb4 22. Rxb4 Rxb4 23. Qxb4 Rb8 24. Qa3 Bxe2 25. Rxe2 Nd7 26. Re1 Bf8 27. Rc1 Qb7 28. Rc6 Ra8 29. Qd3 Nf6 30. Qc2 Ra1+ 31. Kh2 Kg7 32. f4 exf4 33. Bxf4 Qb1 34. Qxb1 Rxb1 35. Bxd6 Bxd6 36. Rxd6 Rb2 37. Kg1 Rb1+ 38. Kf2 Rb2+ 39. Kf3 Rb3+ 40. Kf2 Rb2+ 41. Kf1 Rb1+ 42. Kf2 Rb2+ 43. Kg1 Rb1+ 44. Kh2 Rb2 45. e5 Ne4 46. Rc6 Nf2 47. d6 Rd2 48. Rc7 Ne4 49. d7 Ng5 50. Kg1 Ne6 51. Rb7 Rd1+ 52. Kf2 Rd2+ 53. Kf1 Rd3 54. Be4 Rd1+ 55. Ke2 Rd4 56. Ke3 Rxe4+ 57. Kxe4 Nc5+ 58. Kd5 Nxb7 59. Kc6 Nd8+ 60. Kc7 Ne6+ 61. Kc8 f6 62. exf6+ Kxf6 63. d8Q+ Nxd8 64. Kxd8 Kf5 65. Ke7 Ke4 66. Kf6 Kf3 67. g4 Kg3 68. Kg7 g5 0-1

[Event "Caribean-chT Rapid 24th"]
[Site "San Salvador"]
[Date "2023.07.03"]
[Round "3.1"]
[White "Brown, Raehanna"]
[Black "Johnson, Gabriella"]
[Result "1-0"]
[WhiteElo "1741"]
[BlackElo "1733"]
[PlyCount "61"]
[EventDate "2023.07.03"]
[EventType "tourn (rapid)"]
[EventRounds "15"]
[EventCountry "ESA"]
[SourceTitle "CBM 215 Extra"]
[Source "ChessBase"]
[SourceDate "2023.09.30"]
[SourceVersion "1"]
[SourceVersionDate "2023.09.30"]
[SourceQuality "1"]
[WhiteTeam "Jamaica"]
[BlackTeam "Trinidad and Tobago"]
[WhiteTeamCountry "JAM"]
[BlackTeamCountry "TRI"]

1. c4 c6 2. e4 d5 3. cxd5 cxd5 4. exd5 Qxd5 5. Nc3 Qa5 6. Nf3 Nf6 7. d4 e6 8. Be2 a6 9. 0-0 Be7 10. Be3 0-0 11. Ne5 Nbd7 12. Nc4 Qd8 13. Bf3 Bb4 14. Qb3 Bxc3 15. bxc3 Nd5 16. Bd2 N7f6 17. Ne5 b5 18. a4 bxa4 19. Qxa4 Bd7 20. Qa3 Ra7 21. Rfb1 Qc7 22. c4 Nb6 23. Qb3 Nc8 24. Ba5 Qd6 25. Bb4 Qxd4 26. Nxd7 Nxd7 27. Bxf8 Nxf8 28. Qb8 Ne7 29. Rd1 Qc5 30. Qxf8+ Kxf8 31. Rd8# 1-0

[Event "Titled Tuesday intern op 27th Jun Late"]
[Site "Chess.com INT"]
[Date "2023.06.27"]
[Round "11"]
[White "Brown, Raehanna"]
[Black "Md Abu, Hanif"]
[Result "0-1"]
[WhiteElo "1710"]
[BlackElo "2073"]
[PlyCount "76"]
[EventDate "2023.06.27"]
[EventType "swiss (blitz)"]
[EventRounds "11"]
[EventCountry "USA"]
[SourceTitle "EXT 2024"]
[Source "ChessBase"]
[SourceDate "2023.10.10"]
[SourceVersion "1"]
[SourceVersionDate "2023.10.10"]
[SourceQuality "1"]

1. c4 Nf6 2. Nc3 g6 3. g3 Bg7 4. Bg2 0-0 5. Nf3 c6 6. 0-0 Na6 7. d4 Nc7 8. e4 d5 9. cxd5 cxd5 10. e5 Nfe8 11. Nd2 e6 12. b3 Bd7 13. Ba3 Nb5 14. Nxb5 Bxb5 15. Re1 Qb6 16. Nf3 Nc7 17. Bc5 Qa6 18. Bxf8 Bxf8 19. Qc1 Rc8 20. Qf4 Qc6 21. Rec1 Qd7 22. Rc2 Bc6 23. Rac1 a6 24. Bh3 Rb8 25. Bg2 Ba3 26. Rd1 Nb5 27. Ng5 Qe7 28. Qh4 h5 29. g4 Kg7 30. gxh5 Rh8 31. Bf3 Bb4 32. Kh1 Nc3 33. Rg1 Ne4 34. Bxe4 dxe4 35. h3 Rxh5 36. Qg3 e3+ 37. Kh2 exf2 38. Rxf2 Be1 0-1

[Event "Titled Tuesday intern op 20th Jun Early"]
[Site "Chess.com INT"]
[Date "2023.06.20"]
[Round "11"]
[White "Brown, Raehanna"]
[Black "Tulchynskyi, Feliks"]
[Result "1/2-1/2"]
[WhiteElo "1710"]
[BlackElo "2246"]
[PlyCount "110"]
[EventDate "2023.06.20"]
[EventType "swiss (blitz)"]
[EventRounds "11"]
[EventCountry "USA"]
[SourceTitle "EXT 2024"]
[Source "ChessBase"]
[SourceDate "2023.10.10"]
[SourceVersion "1"]
[SourceVersionDate "2023.10.10"]
[SourceQuality "1"]

1. c4 e6 2. Nc3 d5 3. cxd5 exd5 4. d4 c6 5. Bf4 Bd6 6. Bg3 Nf6 7. e3 0-0 8. Bd3 h6 9. Nf3 Qe7 10. 0-0 Bg4 11. Be2 Nbd7 12. Qc2 Bxg3 13. hxg3 a6 14. a3 Rae8 15. b4 Nh7 16. Na4 Ndf6 17. Ne5 Bxe2 18. Qxe2 Nd7 19. Nxd7 Qxd7 20. Nc5 Qc8 21. Rac1 Ng5 22. a4 g6 23. b5 axb5 24. axb5 Kg7 25. bxc6 bxc6 26. Nd3 Qe6 27. Ne5 Rc8 28. Qa6 c5 29. Qxe6 Nxe6 30. Nd7 Rfd8 31. Nxc5 Nxc5 32. Rxc5 Rxc5 33. dxc5 Rc8 34. Rc1 Kf6 35. Kf1 Ke6 36. Ke2 Kd7 37. Kd3 Kc6 38. Kd4 Re8 39. f3 Ra8 40. Rc2 f6 41. e4 Ra4+ 42. Ke3 dxe4 43. fxe4 h5 44. Kf4 Ra1 45. g4 Rf1+ 46. Kg3 hxg4 47. Kxg4 Re1 48. Kf4 Rf1+ 49. Kg4 Re1 50. Kf3 Rf1+ 51. Ke2 Rg1 52. Kf2 Ra1 53. Kf3 Rf1+ 54. Kg3 Re1 55. Kf3 Rf1+ 1/2-1/2

[Event "Titled Tuesday intern op 06th Jun Late"]
[Site "Chess.com INT"]
[Date "2023.06.06"]
[Round "1"]
[White "Brown, Raehanna"]
[Black "Mortazavi, Ali"]
[Result "0-1"]
[WhiteElo "1710"]
[BlackElo "2333"]
[PlyCount "62"]
[EventDate "2023.06.06"]
[EventType "swiss (blitz)"]
[EventRounds "11"]
[EventCountry "USA"]
[SourceTitle "EXT 2024"]
[Source "ChessBase"]
[SourceDate "2023.10.10"]
[SourceVersion "1"]
[SourceVersionDate "2023.10.10"]
[SourceQuality "1"]

1. c4 Nf6 2. Nc3 g6 3. e4 d6 4. d4 Bg7 5. Be2 0-0 6. Nf3 Bg4 7. 0-0 Nbd7 8. Be3 e5 9. d5 a5 10. a3 b6 11. b4 Nh5 12. Qd2 Nf4 13. Bxf4 exf4 14. Rac1 Bxf3 15. Bxf3 Ne5 16. Be2 axb4 17. axb4 Qh4 18. f3 f5 19. c5 bxc5 20. bxc5 Kh8 21. cxd6 cxd6 22. Nb5 fxe4 23. fxe4 f3 24. Bxf3 Bh6 25. Qb2 Bxc1 26. Rxc1 Qf6 27. Qd4 Rab8 28. Be2 Rxb5 29. Rf1 Nf3+ 30. Rxf3 Qxd4+ 31. Kf1 Rb1+ 0-1

[Event "Titled Tuesday intern op 06th Jun Late"]
[Site "Chess.com INT"]
[Date "2023.06.06"]
[Round "8"]
[White "Brown, Raehanna"]
[Black "Ruiz Aguilar, Pablo Alexander"]
[Result "0-1"]
[WhiteElo "1710"]
[BlackElo "2227"]
[PlyCount "114"]
[EventDate "2023.06.06"]
[EventType "swiss (blitz)"]
[EventRounds "11"]
[EventCountry "USA"]
[SourceTitle "EXT 2024"]
[Source "ChessBase"]
[SourceDate "2023.10.10"]
[SourceVersion "1"]
[SourceVersionDate "2023.10.10"]
[SourceQuality "1"]

1. c4 c6 2. e4 d5 3. cxd5 cxd5 4. exd5 Qxd5 5. Nc3 Qd8 6. Nf3 Nf6 7. d4 e6 8. Be2 a6 9. 0-0 Be7 10. Ne5 0-0 11. Bf3 Nbd7 12. Nxd7 Qxd7 13. Bg5 Rb8 14. Rc1 b5 15. Bxf6 Bxf6 16. d5 Bxc3 17. Rxc3 Bb7 18. dxe6 Qxe6 19. a3 Bxf3 20. Rxf3 b4 21. Qa4 bxa3 22. bxa3 Rb5 23. Re3 Qb6 24. h3 h6 25. Rg3 Rg5 26. Rxg5 hxg5 27. Re1 Qd6 28. Re3 Rd8 29. Re8+ Rxe8 30. Qxe8+ Kh7 31. Qe4+ g6 32. Qb7 Kg7 33. Qb2+ Qf6 34. Qxf6+ Kxf6 35. Kf1 Ke5 36. Ke2 Kd4 37. g3 Kc4 38. f4 gxf4 39. gxf4 Kb3 40. f5 Kxa3 41. fxg6 fxg6 42. Kf3 a5 43. Kg4 a4 44. h4 Kb3 45. Kg5 a3 46. Kxg6 a2 47. h5 a1Q 48. h6 Qh8 49. h7 Kc4 50. Kh6 Kd5 51. Kg6 Ke6 52. Kh6 Kf6 53. Kh5 Qxh7+ 54. Kg4 Qe4+ 55. Kh5 Qg2 56. Kh4 Kf5 57. Kh5 Qg5# 0-1

[Event "Titled Tuesday intern op 06th Jun Late"]
[Site "Chess.com INT"]
[Date "2023.06.06"]
[Round "4"]
[White "Brown, Raehanna"]
[Black "Van Foreest, Machteld"]
[Result "0-1"]
[WhiteElo "1710"]
[BlackElo "2300"]
[PlyCount "72"]
[EventDate "2023.06.06"]
[EventType "swiss (blitz)"]
[EventRounds "11"]
[EventCountry "USA"]
[SourceTitle "EXT 2024"]
[Source "ChessBase"]
[SourceDate "2023.10.10"]
[SourceVersion "1"]
[SourceVersionDate "2023.10.10"]
[SourceQuality "1"]

1. c4 e5 2. Nc3 Nf6 3. Nf3 Nc6 4. g3 d5 5. cxd5 Nxd5 6. Bg2 Be6 7. 0-0 Be7 8. d4 exd4 9. Nxd4 Nxc3 10. bxc3 Nxd4 11. cxd4 c6 12. e4 0-0 13. Rb1 Qd7 14. Rb2 Rfd8 15. Be3 Ba3 16. Rd2 Bc4 17. Qa4 Bxf1 18. Kxf1 Bc1 19. Re2 Bxe3 20. fxe3 b5 21. Qb3 Rac8 22. Rf2 c5 23. d5 c4 24. Qc3 Qg4 25. Bf3 Qh3+ 26. Kg1 b4 27. Qxb4 c3 28. Qb3 Rb8 29. Qc2 Rb2 30. Qc1 Rdb8 31. Bg2 Rb1 32. Bxh3 Rxc1+ 33. Bf1 Rb2 34. Kg2 Rxf2+ 35. Kxf2 Rxf1+ 36. Kxf1 c2 0-1

[Event "Titled Tuesday intern op 06th Jun Late"]
[Site "Chess.com INT"]
[Date "2023.06.06"]
[Round "6"]
[White "Guzman Lozano, Campo Elias"]
[Black "Brown, Raehanna"]
[Result "1-0"]
[WhiteElo "1924"]
[BlackElo "1710"]
[PlyCount "59"]
[EventDate "2023.06.06"]
[EventType "swiss (blitz)"]
[EventRounds "11"]
[EventCountry "USA"]
[SourceTitle "EXT 2024"]
[Source "ChessBase"]
[SourceDate "2023.10.10"]
[SourceVersion "1"]
[SourceVersionDate "2023.10.10"]
[SourceQuality "1"]

1. d4 Nf6 2. Bg5 Ne4 3. h4 d5 4. Nd2 Nxg5 5. hxg5 e6 6. Ngf3 c5 7. e3 cxd4 8. exd4 Nc6 9. c3 Be7 10. Bd3 Bxg5 11. Qc2 h6 12. 0-0 0-0 13. Rfe1 Bf6 14. Nf1 a6 15. Ng3 b5 16. a4 Rb8 17. axb5 axb5 18. Qe2 b4 19. Nh5 bxc3 20. bxc3 Bb7 21. Reb1 g6 22. Nxf6+ Qxf6 23. Rb6 Rfc8 24. Rab1 Qe7 25. Qd2 Qc7 26. Qxh6 Ne7 27. Ng5 Nf5 28. Qh7+ Kf8 29. Rxe6 Re8 30. Qh8# 1-0

[Event "Titled Tuesday intern op 06th Jun Late"]
[Site "Chess.com INT"]
[Date "2023.06.06"]
[Round "10"]
[White "Miller, Ike S"]
[Black "Brown, Raehanna"]
[Result "0-1"]
[WhiteElo "1956"]
[BlackElo "1710"]
[PlyCount "72"]
[EventDate "2023.06.06"]
[EventType "swiss (blitz)"]
[EventRounds "11"]
[EventCountry "USA"]
[SourceTitle "EXT 2024"]
[Source "ChessBase"]
[SourceDate "2023.10.10"]
[SourceVersion "1"]
[SourceVersionDate "2023.10.10"]
[SourceQuality "1"]

1. d4 Nf6 2. c4 g6 3. Nc3 Bg7 4. e4 d6 5. Bd3 0-0 6. Nge2 c5 7. d5 Nbd7 8. f4 a6 9. 0-0 b5 10. cxb5 axb5 11. Bxb5 Qa5 12. Bc6 Rb8 13. a4 Ba6 14. h3 Rb4 15. Qc2 Rfb8 16. Ra3 Nb6 17. e5 dxe5 18. fxe5 Nfd7 19. e6 fxe6 20. dxe6 Ne5 21. Ne4 Nxc6 22. Rf7 Bxe2 23. Qxe2 Nd4 24. Qg4 Nc4 25. Rg3 Ne5 26. Rxg7+ Kxg7 27. Qf4 Ndc6 28. Nf6 exf6 29. Qh6+ Kg8 30. h4 Rxh4 31. Qxh4 Qe1+ 32. Kh2 Qxc1 33. Qe4 Qxb2 34. e7 Nxe7 35. Qd5+ Nxd5 36. Rd3 Nxd3 0-1

[Event "Titled Tuesday intern op 06th Jun Late"]
[Site "Chess.com INT"]
[Date "2023.06.06"]
[Round "5"]
[White "Rangel, Daniel"]
[Black "Brown, Raehanna"]
[Result "1-0"]
[WhiteElo "2199"]
[BlackElo "1710"]
[PlyCount "61"]
[EventDate "2023.06.06"]
[EventType "swiss (blitz)"]
[EventRounds "11"]
[EventCountry "USA"]
[SourceTitle "EXT 2024"]
[Source "ChessBase"]
[SourceDate "2023.10.10"]
[SourceVersion "1"]
[SourceVersionDate "2023.10.10"]
[SourceQuality "1"]

1. d4 Nf6 2. c4 g6 3. Nc3 Bg7 4. e4 d6 5. Nf3 0-0 6. Be2 Nbd7 7. 0-0 c5 8. d5 a6 9. h3 b5 10. cxb5 axb5 11. Bxb5 Qa5 12. Nd2 Ne8 13. Nc4 Qa7 14. Bc6 Rb8 15. Nb5 Qa6 16. a4 e6 17. Ncxd6 Nxd6 18. Nxd6 exd5 19. exd5 Ne5 20. Nxc8 Rfxc8 21. Bf4 Rxb2 22. Bb5 Qb6 23. d6 Rd8 24. d7 c4 25. Qd5 Nd3 26. Be3 Qc7 27. Bg5 Qa7 28. Bxd8 Rxf2 29. Bb6 Qxb6 30. d8Q+ Qxd8 31. Qxd8+ 1-0

[Event "Titled Tuesday intern op 30th May Early"]
[Site "Chess.com INT"]
[Date "2023.05.30"]
[Round "8"]
[White "Castillo Pena, Patricia Evarista"]
[Black "Brown, Raehanna"]
[Result "0-1"]
[WhiteElo "1783"]
[BlackElo "1710"]
[PlyCount "90"]
[EventDate "2023.05.30"]
[EventType "swiss (blitz)"]
[EventRounds "11"]
[EventCountry "USA"]
[SourceTitle "CBM 214 Extra"]
[Source "ChessBase"]
[SourceDate "2023.07.31"]
[SourceVersion "1"]
[SourceVersionDate "2023.07.31"]
[SourceQuality "1"]

1. d4 Nf6 2. Nf3 g6 3. Nc3 Bg7 4. e4 d6 5. Be3 Nbd7 6. Qd2 c5 7. dxc5 Nxc5 8. e5 Nfe4 9. Nxe4 Nxe4 10. Qb4 d5 11. Bb5+ Bd7 12. e6 fxe6 13. 0-0 0-0 14. Ng5 Nxg5 15. Bxg5 Bf6 16. Bh6 Rf7 17. c4 Bxb5 18. Qxb5 b6 19. Rad1 d4 20. c5 Qd5 21. b4 bxc5 22. Qxc5 Qxc5 23. bxc5 Rc8 24. Rc1 g5 25. Rfd1 Rc6 26. f4 gxf4 27. Bxf4 e5 28. Bg3 Rg7 29. Rd3 Bg5 30. Rc4 Be3+ 31. Kf1 e4 32. Rxe3 dxe3 33. Ke2 Rf7 34. Kxe3 Rf1 35. Kxe4 Ra1 36. a4 Ra2 37. Kd5 Rc8 38. c6 Rd2+ 39. Ke6 Re2+ 40. Be5 Kf8 41. Rf4+ Ke8 42. Rg4 Rxc6+ 43. Kd5 Ra6 44. Bc7 Kd7 45. Be5 Ra5+ 0-1

[Event "Titled Tuesday intern op 30th May Early"]
[Site "Chess.com INT"]
[Date "2023.05.30"]
[Round "4"]
[White "Gulkov, Igor A"]
[Black "Brown, Raehanna"]
[Result "1-0"]
[WhiteElo "2358"]
[BlackElo "1710"]
[PlyCount "109"]
[EventDate "2023.05.30"]
[EventType "swiss (blitz)"]
[EventRounds "11"]
[EventCountry "USA"]
[SourceTitle "CBM 214 Extra"]
[Source "ChessBase"]
[SourceDate "2023.07.31"]
[SourceVersion "1"]
[SourceVersionDate "2023.07.31"]
[SourceQuality "1"]

1. Nf3 Nf6 2. c4 g6 3. Nc3 Bg7 4. e4 d6 5. d4 0-0 6. Be2 e5 7. Be3 Nc6 8. d5 Ne7 9. Nd2 Ne8 10. b4 f5 11. f3 f4 12. Bf2 g5 13. c5 Ng6 14. Nc4 Nf6 15. cxd6 cxd6 16. Nb5 Ne8 17. Nxa7 g4 18. Nxc8 Rxc8 19. fxg4 Nf6 20. Nd2 Rf7 21. 0-0 Rfc7 22. a4 Rc2 23. Bd3 R2c3 24. Be2 Rc2 25. a5 Bh6 26. Bf3 Bg5 27. Qe1 Qd7 28. Qe2 Nh4 29. b5 Nxf3+ 30. gxf3 h5 31. h3 hxg4 32. hxg4 Kg7 33. a6 bxa6 34. bxa6 Nxg4 35. a7 Nxf2 36. Rxf2 Ra8 37. Rg2 Kf6 38. Qd3 Rc7 39. Nf1 Rcxa7 40. Rxa7 Qxa7+ 41. Kh1 Rh8+ 42. Nh2 Qa1+ 43. Rg1 Qb2 44. Rg2 Qc1+ 45. Rg1 Qb2 46. Rg2 Qc1+ 47. Rg1 Qe3 48. Qxe3 fxe3 49. Kg2 Bf4 50. Ng4+ Kg5 51. Re1 Rh4 52. Nxe3 Rh2+ 53. Kg1 Rd2 54. Ng2 Rd3 55. Kf2 1-0

[Event "Titled Tuesday intern op 30th May Late"]
[Site "Chess.com INT"]
[Date "2023.05.30"]
[Round "9"]
[White "Petrovic, Aleksa"]
[Black "Brown, Raehanna"]
[Result "1-0"]
[WhiteElo "2332"]
[BlackElo "1710"]
[PlyCount "93"]
[EventDate "2023.05.30"]
[EventType "swiss (blitz)"]
[EventRounds "11"]
[EventCountry "USA"]
[SourceTitle "CBM 214 Extra"]
[Source "ChessBase"]
[SourceDate "2023.07.31"]
[SourceVersion "1"]
[SourceVersionDate "2023.07.31"]
[SourceQuality "1"]

1. e4 c5 2. Nf3 Nc6 3. Bb5 g6 4. Bxc6 bxc6 5. 0-0 Bg7 6. Re1 e5 7. b4 cxb4 8. c3 Ne7 9. cxb4 0-0 10. Bb2 Qc7 11. Nc3 d6 12. d4 Bg4 13. Rc1 exd4 14. Nb5 Qb6 15. Nxd6 Rad8 16. Nc4 Qxb4 17. Ba3 Qb7 18. h3 Bxf3 19. Qxf3 Qd7 20. Bxe7 Qxe7 21. Na5 Rc8 22. Rxc6 Qb4 23. Rec1 Rxc6 24. Nxc6 Qb2 25. Ne7+ Kh8 26. Rd1 Be5 27. Nc6 Bg7 28. e5 Qxa2 29. Qe4 Qa6 30. Nxd4 Re8 31. f4 g5 32. Nf5 gxf4 33. Nd6 Qb6+ 34. Kh1 Rxe5 35. Nxf7+ Kg8 36. Nxe5 Qe6 37. Rd8+ Bf8 38. Qxf4 Qe7 39. Qg4+ Kh8 40. Qc8 Qxe5 41. Rxf8+ Kg7 42. Rg8+ Kh6 43. Qc6+ Kh5 44. Qf3+ Kh6 45. Qg3 Qa1+ 46. Kh2 Qf6 47. Rg4 1-0

[Event "Titled Tuesday intern op 23rd May Late"]
[Site "Chess.com INT"]
[Date "2023.05.23"]
[Round "2"]
[White "De Boer, Eelke"]
[Black "Brown, Raehanna"]
[Result "1-0"]
[WhiteElo "2293"]
[BlackElo "1710"]
[PlyCount "117"]
[EventDate "2023.05.23"]
[EventType "swiss (blitz)"]
[EventRounds "11"]
[EventCountry "USA"]
[SourceTitle "EXT 2024"]
[Source "ChessBase"]
[SourceDate "2023.10.10"]
[SourceVersion "1"]
[SourceVersionDate "2023.10.10"]
[SourceQuality "1"]

1. e4 c5 2. Nf3 Nc6 3. d4 cxd4 4. Nxd4 Nf6 5. Nc3 g6 6. Nxc6 bxc6 7. e5 Nh5 8. Be2 Ng7 9. 0-0 Ne6 10. Be3 d5 11. exd6 Qxd6 12. Bf3 Bb7 13. Qe2 Bg7 14. Qc4 0-0 15. Rad1 Qc7 16. b3 a5 17. Ne2 Ba6 18. Qa4 Bb5 19. Qa3 a4 20. Qb4 Rfb8 21. c4 Ba6 22. Qxa4 Bb7 23. Qb4 c5 24. Qd2 Bxf3 25. gxf3 Rd8 26. Qc2 Be5 27. h3 Bd4 28. Bxd4 cxd4 29. Rd3 Ra5 30. Kh1 Rh5 31. f4 Nxf4 32. Nxf4 Qxf4 33. Qe2 e5 34. Rfd1 e4 35. Rg3 d3 36. Qe3 Qf5 37. Kg2 Ra8 38. Rd2 Qe5 39. Rg4 f5 40. Rf4 Rf8 41. h4 Kg7 42. c5 h6 43. Qg3 g5 44. Rg4 Qf6 45. hxg5 hxg5 46. Qc7+ Rf7 47. Qg3 fxg4 48. Qxg4 Qf3+ 49. Qxf3 Rxf3 50. c6 Rf7 51. b4 g4 52. a4 Rh6 53. b5 Ra7 54. Rd1 Rh8 55. Ra1 Rha8 56. b6 Ra6 57. b7 Rd8 58. c7 Rd7 59. b8Q 1-0

[Event "Titled Tuesday intern op 23rd May Late"]
[Site "Chess.com INT"]
[Date "2023.05.23"]
[Round "8"]
[White "Garcia Correa, Jose Ricardo"]
[Black "Brown, Raehanna"]
[Result "1-0"]
[WhiteElo "2103"]
[BlackElo "1710"]
[PlyCount "79"]
[EventDate "2023.05.23"]
[EventType "swiss (blitz)"]
[EventRounds "11"]
[EventCountry "USA"]
[SourceTitle "EXT 2024"]
[Source "ChessBase"]
[SourceDate "2023.10.10"]
[SourceVersion "1"]
[SourceVersionDate "2023.10.10"]
[SourceQuality "1"]

1. e4 c5 2. Nf3 Nc6 3. d4 cxd4 4. Nxd4 Nf6 5. Nc3 g6 6. Nxc6 bxc6 7. Bd3 Bg7 8. f4 0-0 9. 0-0 d5 10. e5 Nd7 11. Qe1 e6 12. Kh1 a6 13. b3 c5 14. Ba3 Bb7 15. Na4 Qc7 16. c4 dxc4 17. Bxc4 Nb6 18. Nxc5 Nxc4 19. bxc4 Rfc8 20. Nxb7 Qxb7 21. Rc1 Bf8 22. Bxf8 Kxf8 23. a3 a5 24. Qh4 Kg8 25. Rf3 Rxc4 26. Rcf1 Rac8 27. Rh3 h5 28. Qg5 Rc1 29. Rhf3 R8c2 30. h3 Rxf1+ 31. Rxf1 Qc7 32. Kh2 Ra2 33. Rd1 Qb7 34. Rd8+ Kh7 35. Rd3 Rc2 36. Rg3 a4 37. f5 exf5 38. e6 fxe6 39. Qxg6+ Kh8 40. Qg8# 1-0